Music Quiz

Random Music or Artist Quiz

Band or Solo Artist Quiz Stats

 Plays Quiz not verified by Sporcle

Score 0/20 Timer 05:00
2 Plays Today
% Correct
Solo Artist
95.6%
Solo Artist
95.3%
Solo Artist
95.1%
Band
94.3%
Solo Artist
94.3%
Band
91.4%
Solo Artist
91.4%
Solo Artist
91.2%
Band
90.3%
Solo Artist
90%
% Correct
Solo Artist
88.8%
Band
88.3%
Band
87.2%
Band
81.8%
Band
81.5%
Band
78%
Band
72.4%
Solo Artist
72%
Band
66.9%
Solo Artist
58.7%

You're not logged in!

Compare scores with friends on all Sporcle quizzes.
OR
Log In

Show Comments

Extras

Top Quizzes Today


Score Distribution

Your Account Isn't Verified!

In order to create a playlist on Sporcle, you need to verify the email address you used during registration. Go to your Sporcle Settings to finish the process.

Report this User

Report this user for behavior that violates our Community Guidelines.

Details: